[Event "16th ch-EUR Indiv w 2015"]
[Site "Chakvi GEO"]
[Date "2015.05.19"]
[Round "1.4"]
[White "Vojinovic, Jovana"]
[Black "Girya, Olga"]
[Result "0-1"]
[WhiteTitle "WGM"]
[BlackTitle "WGM"]
[WhiteElo "2262"]
[BlackElo "2479"]
[WhiteFideId "937266"]
[BlackFideId "4195752"]
[EventDate "2015.05.19"]

1. Nf3 d5 2. c4 d4 3. b4 c5 4. bxc5 Nc6 5. e3 e5 6. exd4 e4 7. d5 exf3 8. d4
Nge7 9. dxc6 Nxc6 10. Be3 g6 11. Nc3 Bg7 12. Qd2 O-O 13. d5 Ne5 14. g3 b6 15. c6
Ba6 16. Nb5 Nxc6 17. dxc6 Bxa1 18. Qxd8 Raxd8 19. Bh3 Bxb5 20. O-O Bxc6 21. Rxa1
f5 22. a4 Rd7 23. Bg5 h6 24. Bxh6 Rfd8 25. Bg5 Rd1+ 26. Bf1 Rxa1 27. Bxd8 Be4 0-1

[Event "16th ch-EUR Indiv w 2015"]
[Site "Chakvi GEO"]
[Date "2015.05.19"]
[Round "1.5"]
[White "Galliamova, Alisa"]
[Black "Kazimova, Narmin"]
[Result "1-0"]
[WhiteTitle "IM"]
[BlackTitle "WGM"]
[WhiteElo "2478"]
[BlackElo "2259"]
[WhiteFideId "4129725"]
[BlackFideId "13402951"]
[EventDate "2015.05.19"]

1. d4 Nf6 2. c4 e6 3. Nc3 Bb4 4. Qc2 O-O 5. Nf3 d6 6. g3 b6 7. Bg2 Bb7 8. O-O
Bxc3 9. Qxc3 Nbd7 10. b3 a5 11. Bb2 Qe7 12. Rad1 Rfe8 13. a3 a4 14. b4 c5 15.
dxc5 bxc5 16. Nh4 Bxg2 17. Nxg2 Rec8 18. b5 Nb6 19. e4 e5 20. Ne3 Nxe4 21. Qd3
Ng5 22. Qxd6 Qb7 23. Rd5 Nxd5 24. Nxd5 Re8 25. Qxc5 Rac8 26. Qb4 Qd7 27. f3 e4
28. Qc3 f6 29. Nxf6+ gxf6 30. Qxf6 Qe7 31. Qh8+ Kf7 32. Qg7+ Ke6 33. Qe5+ Kf7
34. Qg7+ Ke6 35. Qe5+ Kf7 36. fxe4+ Kg6 37. Rf6+ Kh5 38. g4+ Kxg4 39. Qg3+ Kh5
40. Rf5 Rf8 41. Bf6 Qxf6 42. Qh3+ Kg6 43. Rxf6+ Kxf6 44. Qf5+ Ke7 45. Qxg5+ Ke6
46. Qd5+ Ke7 47. Qe5+ Kd7 48. c5 Rce8 49. Qd6+ Kc8 50. Qc6+ Kd8 51. Qd5+ Kc8 52.
b6 Rf6 53. c6 1-0

[Event "16th ch-EUR Indiv w 2015"]
[Site "Chakvi GEO"]
[Date "2015.05.19"]
[Round "1.6"]
[White "Isgandarova, Khayala"]
[Black "Goryachkina, Aleksandra"]
[Result "0-1"]
[WhiteTitle "WIM"]
[BlackTitle "WGM"]
[WhiteElo "2243"]
[BlackElo "2474"]
[WhiteFideId "13401823"]
[BlackFideId "4147103"]
[EventDate "2015.05.19"]

1. e4 c5 2. Nf3 d6 3. Bb5+ Nc6 4. O-O Bd7 5. Re1 Nf6 6. c3 a6 7. Bf1 Bg4 8. h3
Bxf3 9. Qxf3 g6 10. d3 Bg7 11. Nd2 O-O 12. g4 Nd7 13. Qg3 b5 14. Nf3 b4 15. Bd2
Rb8 16. Qh4 Re8 17. Rec1 bxc3 18. Bxc3 Nf8 19. Rd1 a5 20. Qg3 Ne6 21. h4 a4 22.
g5 Ncd4 23. Rac1 h6 24. gxh6 Bxh6 25. Nxd4 Nxd4 26. Bd2 Bxd2 27. Rxd2 e5 28. f4
exf4 29. Qxf4 Re5 30. Be2 Qe7 31. Rf1 Kg7 32. Bd1 Rh8 33. Rh2 c4 34. Qe3 Nf5 35.
Qf2 Nxh4 36. dxc4 Rg5+ 37. Kh1 Qxe4+ 38. Bf3 Nxf3 39. Qxf3 Rxh2+ 40. Kxh2 Qe5+
41. Qf4 Qe2+ 0-1

[Event "16th ch-EUR Indiv w 2015"]
[Site "Chakvi GEO"]
[Date "2015.05.19"]
[Round "1.7"]
[White "Batsiashvili, Nino"]
[Black "Korenova, Martina"]
[Result "1-0"]
[WhiteTitle "IM"]
[BlackTitle "WIM"]
[WhiteElo "2473"]
[BlackElo "2241"]
[WhiteFideId "13602993"]
[BlackFideId "302805"]
[EventDate "2015.05.19"]

1. d4 g6 2. c4 Bg7 3. Nc3 c5 4. d5 Bxc3+ 5. bxc3 f5 6. e4 fxe4 7. f3 e5 8. Qc2
exf3 9. Nxf3 d6 10. Bd3 Qe7 11. Bg5 Qg7 12. O-O Nd7 13. Rae1 Ne7 14. Nd2 Kd8 15.
Rf2 Rf8 16. Ne4 Rxf2 17. Qxf2 Kc7 18. Rf1 Nf5 19. g4 Nb6 20. Nf6 Bd7 21. gxf5
gxf5 22. Qh4 e4 23. Be2 Rf8 24. Kh1 h6 25. Nxd7 Rg8 26. Qxh6 Qxd7 27. Qf6 Na4
28. Qxf5 Qxf5 29. Rxf5 Nxc3 30. Bh5 Nxa2 31. h4 a5 32. Rf7+ Kb6 33. Rd7 a4 34.
Rxd6+ Ka5 35. Rg6 Rh8 36. d6 Nb4 37. d7 Nc6 38. Rxc6 bxc6 39. d8=Q+ Rxd8 40.
Bxd8+ Kb4 41. Be2 Kc3 42. Kg2 Kd4 43. Bf6+ Ke3 44. h5 Kxe2 45. h6 e3 46. h7 Kd1
47. h8=Q 1-0

[Event "16th ch-EUR Indiv w 2015"]
[Site "Chakvi GEO"]
[Date "2015.05.19"]
[Round "1.8"]
[White "Mamedjarova, Zeinab"]
[Black "Paehtz, Elisabeth"]
[Result "1/2-1/2"]
[WhiteTitle "WGM"]
[BlackTitle "IM"]
[WhiteElo "2235"]
[BlackElo "2473"]
[WhiteFideId "13401521"]
[BlackFideId "4641833"]
[EventDate "2015.05.19"]

1. d4 Nf6 2. c4 g6 3. Nf3 Bg7 4. g3 O-O 5. Bg2 d6 6. O-O c6 7. Nc3 Qb6 8. Qd3
Qa6 9. b3 d5 10. Ne5 Bf5 11. e4 dxe4 12. Nxe4 Rd8 13. Qe3 Bxe4 14. Bxe4 Nbd7 15.
Bf3 Qb6 16. Bb2 Nxe5 17. Qxe5 e6 18. Qf4 Ne8 19. Rad1 Qa5 20. a3 Rd7 21. Qe3
Rad8 22. Rd3 Qc7 23. Rfd1 Nd6 24. g4 Nc8 25. Qc1 Ne7 26. Kg2 h6 27. Bc3 g5 28.
Be4 f5 29. Bf3 Ng6 30. Kh1 Ne5 31. Qe3 Nxd3 32. Qxe6+ Kh8 33. Rxd3 fxg4 34. Bxg4
Re7 35. Qg6 Rd6 36. Qh5 Rf7 37. c5 Rd5 38. Be6 Rxf2 39. Bxd5 cxd5 40. Rf3 Rxf3
41. Qxf3 Qd7 42. h3 Qe6 43. Kg2 Qg6 44. Be1 Bxd4 45. Qxd5 Qc2+ 46. Kh1 Qxc5 47.
Qxb7 Qe5 48. Qc8+ Kg7 49. Qb7+ Kg6 50. Qc6+ Kf5 51. Qf3+ Qf4 52. Qd5+ Kg6 53.
Qg8+ Bg7 54. Qe6+ Kh7 55. Kg2 Be5 56. Qd7+ Kg6 57. Qe6+ Kg7 58. Qe7+ 1/2-1/2

[Event "16th ch-EUR Indiv w 2015"]
[Site "Chakvi GEO"]
[Date "2015.05.19"]
[Round "1.10"]
[White "Belenkaya, Dina"]
[Black "Javakhishvili, Lela"]
[Result "0-1"]
[WhiteTitle "WFM"]
[BlackTitle "IM"]
[WhiteElo "2235"]
[BlackElo "2472"]
[WhiteFideId "24142654"]
[BlackFideId "13601458"]
[EventDate "2015.05.19"]

1. e4 c5 2. Nf3 Nc6 3. Bb5 e6 4. Bxc6 bxc6 5. d3 Ne7 6. Qe2 Qc7 7. Nc3 e5 8. O-O
Ng6 9. Be3 Be7 10. Na4 d6 11. c3 Ba6 12. Rfd1 Qd7 13. Qc2 Bb5 14. a3 f5 15. b4
O-O 16. bxc5 d5 17. Nb2 fxe4 18. Ne1 exd3 19. Nbxd3 Qe6 20. Rab1 e4 21. Nb4 Rad8
22. Qb3 Bc4 23. Qa4 Ne5 24. Bd4 Bb5 25. Qc2 a5 26. a4 Bc4 27. Bxe5 axb4 28. Bd4
b3 29. Qd2 Ra8 30. Ra1 Ra5 31. Qe3 Bh4 32. g3 Qg4 33. Be5 Bg5 34. Qd4 Qh3 35.
Ng2 Be2 36. Rdb1 Bf3 37. Ne1 Rf5 38. Rxb3 Be7 39. Rb8+ Kf7 40. Bd6 Qxh2+ 0-1

[Event "16th ch-EUR Indiv w 2015"]
[Site "Chakvi GEO"]
[Date "2015.05.19"]
[Round "1.11"]
[White "Socko, Monika"]
[Black "Mikadze, Miranda"]
[Result "1-0"]
[WhiteTitle "GM"]
[BlackTitle "WIM"]
[WhiteElo "2467"]
[BlackElo "2233"]
[WhiteFideId "1106619"]
[BlackFideId "13603108"]
[EventDate "2015.05.19"]

1. e4 d5 2. exd5 Qxd5 3. Nc3 Qd6 4. d4 Nf6 5. Nf3 c6 6. Ne5 Nbd7 7. Nc4 Qc7 8.
a4 Nb6 9. Ne5 a5 10. Qf3 g6 11. Bf4 Qd8 12. d5 Nbxd5 13. Nxd5 Qxd5 14. Bc4 Qxf3
15. Bxf7+ Kd8 16. gxf3 Bf5 17. O-O-O+ Kc8 18. Rhe1 Nh5 19. Bg5 Kc7 20. Bb3 Nf6
21. Nf7 Rg8 22. Bf4+ Kb6 23. Ne5 Rg7 24. Bh6 Rg8 25. Be3+ Kc7 26. Bxg8 Nxg8 27.
Nc4 b5 28. Bf4+ Kb7 29. axb5 cxb5 30. Ne3 Bh3 31. Ng4 Nf6 32. Re5 Nxg4 33. fxg4
Bxg4 34. Rdd5 e6 35. Rxb5+ Kc6 36. Rxa5 Rd8 37. Kb1 Rd1+ 38. Ka2 Bf5 39. Re3 Bb4
40. Ra4 Kb5 41. Re5+ Bc5 42. Ra8 Rd5 43. Rb8+ Kc4 44. b3+ Kd4 45. Rxd5+ Kxd5 46.
c4+ Ke4 47. Bg3 e5 48. b4 Bd4 49. Kb3 g5 50. b5 h5 51. b6 h4 52. b7 hxg3 53.
fxg3 Bb6 54. Rc8 Ba7 55. Ra8 1-0

[Event "16th ch-EUR Indiv w 2015"]
[Site "Chakvi GEO"]
[Date "2015.05.19"]
[Round "1.12"]
[White "Khomeriki, Nino"]
[Black "Ushenina, Anna"]
[Result "1/2-1/2"]
[WhiteTitle "WFM"]
[BlackTitle "GM"]
[WhiteElo "2228"]
[BlackElo "2467"]
[WhiteFideId "13603191"]
[BlackFideId "14110911"]
[EventDate "2015.05.19"]

1. Nf3 g6 2. g3 Bg7 3. Bg2 d5 4. d4 Nh6 5. O-O O-O 6. c3 Nd7 7. Nbd2 Nf6 8. Ng5
Nf5 9. e4 dxe4 10. Ndxe4 Nd5 11. Qb3 c6 12. Rd1 Qb6 13. Qc2 e5 14. dxe5 Bxe5 15.
a3 h6 16. Nf3 Bg7 17. g4 Nfe7 18. c4 Nf6 19. Be3 Qc7 20. Nxf6+ Bxf6 21. Bxh6
Bxg4 22. Bxf8 Rxf8 23. Qe4 Bxf3 24. Qxf3 Kg7 25. Bh3 c5 26. Rd7 Qe5 27. Rxb7 Rh8
28. Rd1 Rh4 29. Rdd7 Rxc4 30. Rxa7 Rc1+ 31. Rd1 Qxb2 32. Rxc1 Qxc1+ 33. Kg2 c4
34. Qe3 Qxe3 35. fxe3 c3 36. Kf3 Nd5 37. Ke2 c2 38. Kd2 Nxe3 39. Kc1 Bd4 40. Rc7
Be5 41. Rb7 Kf6 42. a4 Bd6 43. Rb3 Bf4 44. Rb7 Bd6 45. Rb3 Bf4 46. Rb7 Bd6 1/2-1/2

[Event "16th ch-EUR Indiv w 2015"]
[Site "Chakvi GEO"]
[Date "2015.05.19"]
[Round "1.13"]
[White "Mkrtchian, Lilit"]
[Black "Kiolbasa, Oliwia"]
[Result "1/2-1/2"]
[WhiteTitle "IM"]
[BlackTitle "WFM"]
[WhiteElo "2459"]
[BlackElo "2223"]
[WhiteFideId "13300601"]
[BlackFideId "1154613"]
[EventDate "2015.05.19"]

1. c4 c5 2. g3 Nc6 3. Bg2 g6 4. e3 Bg7 5. Ne2 e5 6. Nbc3 Nge7 7. d3 d6 8. Qd2
O-O 9. O-O Be6 10. Nd5 Rc8 11. h3 b5 12. Rb1 Nb4 13. Nxe7+ Qxe7 14. b3 Qd7 15.
Kh2 d5 16. a3 Na6 17. Qa5 Nc7 18. cxb5 Nxb5 19. a4 Nd6 20. Ba3 Rfd8 21. Rfc1 Nb7
22. Qd2 d4 23. e4 a5 24. f4 exf4 25. gxf4 Kh8 26. Ng1 Qc7 27. Kh1 Bh6 28. Rf1 f5
29. e5 Rg8 30. Nf3 Nd8 31. h4 Nf7 32. Ng5 Nxg5 33. hxg5 Bf8 34. Rfc1 Qb6 35. Qc2
Kg7 36. Bf3 Kf7 37. Qg2 Rd8 38. Qc2 Rc8 39. Qg2 Rd8 40. Qc2 Rc8 1/2-1/2

[Event "16th ch-EUR Indiv w 2015"]
[Site "Chakvi GEO"]
[Date "2015.05.19"]
[Round "1.14"]
[White "Unuk, Laura"]
[Black "Danielian, Elina"]
[Result "0-1"]
[WhiteTitle "WIM"]
[BlackTitle "GM"]
[WhiteElo "2213"]
[BlackElo "2458"]
[WhiteFideId "14609215"]
[BlackFideId "13300210"]
[EventDate "2015.05.19"]

1. Nf3 e6 2. c4 Nf6 3. g3 b6 4. Bg2 Bb7 5. d4 Be7 6. O-O O-O 7. Re1 c5 8. d5
exd5 9. Nh4 Ne4 10. cxd5 Bxh4 11. Bxe4 Bf6 12. Qc2 h6 13. Bf4 d6 14. Nc3 Re8 15.
Rad1 a6 16. a4 Nd7 17. Bg2 Qc7 18. Ne4 Be5 19. Bc1 b5 20. f4 Bf6 21. Nxf6+ Nxf6
22. e4 c4 23. Be3 Nd7 24. Bd4 Nc5 25. e5 Rad8 26. axb5 axb5 27. b4 Na6 28. Bc3
dxe5 29. fxe5 Qe7 30. Qd2 Qd7 31. Qc2 Qg4 32. Qf2 Nc7 33. h3 Qg5 34. Rf1 Bxd5
35. Bxd5 Nxd5 36. Qxf7+ Kh7 37. Qf3 Nxc3 38. Qxc3 Rxd1 39. Rxd1 Rxe5 40. Kg2 Qf5
41. Rd2 Re1 42. g4 Qe4+ 43. Kf2 Rh1 44. Rd4 Rh2+ 45. Kg3 Rg2+ 46. Kh4 Qe7+ 0-1

[Event "16th ch-EUR Indiv w 2015"]
[Site "Chakvi GEO"]
[Date "2015.05.19"]
[Round "1.15"]
[White "Zhukova, Natalia"]
[Black "Khurtsilava, Inga"]
[Result "1-0"]
[WhiteTitle "GM"]
[BlackTitle "WGM"]
[WhiteElo "2456"]
[BlackElo "2212"]
[WhiteFideId "14101513"]
[BlackFideId "13600419"]
[EventDate "2015.05.19"]

1. Nf3 d5 2. c4 e6 3. d4 Nf6 4. Nc3 Bb4 5. Bg5 h6 6. Bxf6 Qxf6 7. Qa4+ Nc6 8. e3
O-O 9. Be2 dxc4 10. O-O Bxc3 11. bxc3 e5 12. Qxc4 Qd6 13. Rfd1 Re8 14. Qa4 Qe7
15. Bb5 Bd7 16. Nxe5 Nxe5 17. dxe5 c6 18. Be2 Bf5 19. f4 f6 20. e4 Bh7 21. exf6
gxf6 22. Qc4+ Kh8 23. Bf3 Bxe4 24. Re1 f5 25. Bxe4 fxe4 26. Re3 Qf6 27. Rxe4
Rxe4 28. Qxe4 Qxc3 29. Rd1 Rf8 30. g3 Qg7 31. a4 a5 32. Rd6 Rf6 33. Rd8+ Rf8 34.
Rd6 Rf6 35. Rd8+ Rf8 36. Rxf8+ Qxf8 37. Qe5+ Qg7 38. Qxa5 Qd4+ 39. Kg2 Qe4+ 40.
Kh3 Qe6+ 41. f5 Qd7 42. Qe5+ Kh7 43. a5 Qf7 44. g4 Qb3+ 45. Kh4 Qf7 46. f6 c5
47. Kg3 c4 48. Kf4 Kg8 49. Qd6 Kh7 50. h4 Kg8 51. Qd8+ Kh7 52. Qe7 1-0

[Event "16th ch-EUR Indiv w 2015"]
[Site "Chakvi GEO"]
[Date "2015.05.19"]
[Round "1.16"]
[White "Petrenko, Svetlana"]
[Black "Melia, Salome"]
[Result "0-1"]
[WhiteTitle "IM"]
[BlackTitle "IM"]
[WhiteElo "2207"]
[BlackElo "2452"]
[WhiteFideId "13900196"]
[BlackFideId "13602446"]
[EventDate "2015.05.19"]

1. Nf3 Nf6 2. g3 b5 3. Bg2 Bb7 4. O-O e6 5. d4 Be7 6. b3 O-O 7. Bb2 d6 8. Nbd2
Nbd7 9. Re1 c5 10. e4 cxd4 11. Nxd4 Qb6 12. c4 b4 13. h3 Rfe8 14. Qe2 a5 15. Nc2
a4 16. Bd4 Nc5 17. a3 axb3 18. Nxb4 b2 19. Ra2 Nfd7 20. Rxb2 Qc7 21. Ra1 Na4 22.
Rc2 Rec8 23. Raa2 Bf6 24. Bxf6 Nxf6 25. Qe3 Nd7 26. h4 Ne5 27. f3 Nc5 28. Kh1
Ra4 29. Rc3 Rca8 30. Rb2 h6 31. Nc2 Ba6 32. Bf1 Ra5 33. Nb3 Na4 34. Nxa5 Nxb2
35. Rb3 Qxa5 36. Rxb2 Bxc4 37. Bg2 Nd3 38. Rb1 Qc3 39. Nb4 Rxa3 40. Nxd3 Qxd3
41. Qxd3 Rxd3 42. Bf1 Rc3 43. Bxc4 Rxc4 44. Rb8+ Kh7 45. Rd8 Rd4 46. h5 g6 47.
hxg6+ Kxg6 48. Rg8+ Kf6 49. Kg2 Rd2+ 50. Kh3 Rf2 51. f4 Re2 52. Rd8 Ke7 53. Rh8
Rxe4 54. Rxh6 d5 55. Kg4 Re3 56. f5 e5 57. Ra6 d4 58. f6+ Kd7 59. Kf5 d3 60. Ra1
e4 61. g4 d2 62. Rd1 Re2 63. g5 e3 64. g6 fxg6+ 65. Kxg6 Ke6 0-1

[Event "16th ch-EUR Indiv w 2015"]
[Site "Chakvi GEO"]
[Date "2015.05.19"]
[Round "1.17"]
[White "Khurtsidze, Nino"]
[Black "Baraeva, Marina"]
[Result "1/2-1/2"]
[WhiteTitle "IM"]
[BlackTitle "WIM"]
[WhiteElo "2451"]
[BlackElo "2204"]
[WhiteFideId "13600320"]
[BlackFideId "24142573"]
[EventDate "2015.05.19"]

1. Nf3 d5 2. c4 c6 3. e3 Nf6 4. Nc3 g6 5. d4 Bg7 6. Bd3 O-O 7. O-O Bg4 8. h3
Bxf3 9. Qxf3 dxc4 10. Bxc4 Nbd7 11. a4 a5 12. b3 e5 13. Ba3 Re8 14. Ne4 exd4 15.
Nd6 Ne5 16. Qf4 Re7 17. exd4 Nxc4 18. bxc4 Rd7 19. Rab1 Bf8 20. Nxb7 Rxb7 21.
Rxb7 Bxa3 22. c5 Qc8 23. Re7 Qf5 24. Qd6 Kg7 25. Qxc6 Qd5 26. Qxd5 Nxd5 27. Rb7
Bb4 28. Rc1 Rc8 29. Rd7 Nc3 30. Re1 Nxa4 31. Ree7 Rf8 32. Rb7 Nxc5 33. dxc5 Bxc5
34. Rec7 Bd6 35. Rd7 Bb4 36. g4 Bc3 37. Kg2 Kf6 38. g5+ Kxg5 39. Rxf7 Rxf7 40.
Rxf7 h5 41. f4+ Kh6 42. Rc7 Bb4 43. Kf3 Be1 44. Ke4 Bg3 45. Rc6 Kg7 46. f5 gxf5+
47. Kxf5 h4 48. Rc5 Be1 49. Re5 Bg3 50. Rxa5 Bf2 51. Kg5 Bg3 52. Ra7+ Kf8 53.
Kf6 Ke8 54. Ke6 Kd8 55. Ra8+ Kc7 56. Rf8 Be1 57. Rf7+ Kc8 58. Rf1 Bg3 59. Ke7
Kc7 60. Rc1+ Kb6 61. Ke6 Bf4 62. Rc4 Bg3 63. Kd5 Kb5 64. Rc6 Kb4 65. Rc5 Kb3 66.
Rc4 Bf2 67. Rc1 Kb4 68. Rc4+ Kb3 69. Rf4 Bg3 70. Rf3+ Kb4 71. Kd4 Kb5 72. Rf6
Be1 73. Kd5 Kb4 74. Rf4+ Kc3 75. Rc4+ Kd3 76. Rd4+ Kc3 77. Rf4 Bg3 78. Rf7 Be1
79. Rf3+ Kb4 80. Kd4 Kb5 81. Rf5+ Kc6 82. Rc5+ Kd6 83. Rh5 Bf2+ 84. Ke4 Bg3 85.
Rd5+ Ke6 86. Rd1 Bf2 87. Ra1 Bg3 88. Ra6+ Kf7 89. Kd5 Bf2 90. Re6 Bg3 91. Re2
Kf6 92. Re3 Kf7 93. Re6 Bf4 94. Re2 Bg3 95. Re3 Kf6 96. Ra3 Kf7 97. Ra6 Ke7 98.
Ke4 Kf7 99. Kf5 Ke7 100. Rh6 Kd7 101. Rh7+ Kd6 102. Ke4 1/2-1/2

[Event "16th ch-EUR Indiv w 2015"]
[Site "Chakvi GEO"]
[Date "2015.05.19"]
[Round "1.18"]
[White "Zaksaite, Salomeja"]
[Black "Kovalevskaya, Ekaterina"]
[Result "1/2-1/2"]
[WhiteTitle "WIM"]
[BlackTitle "IM"]
[WhiteElo "2203"]
[BlackElo "2450"]
[WhiteFideId "12801496"]
[BlackFideId "4116704"]
[EventDate "2015.05.19"]

1. e4 e5 2. Nf3 Nc6 3. Bb5 a6 4. Ba4 Nf6 5. O-O Be7 6. Re1 d6 7. c3 Bg4 8. d4 b5
9. Bc2 Bxf3 10. gxf3 Nh5 11. f4 Nxf4 12. Bxf4 exf4 13. Qf3 Bg5 14. e5 d5 15. a4
Ne7 16. Nd2 O-O 17. axb5 axb5 18. Rxa8 Qxa8 19. h4 Bh6 20. Qd3 g6 21. Qxb5 Qc8
22. e6 fxe6 23. Nf3 Bg7 24. Qe2 e5 25. dxe5 Qh3 26. c4 d4 27. c5 Kh8 28. Rd1 Nc6
29. Qe4 Qg4+ 30. Kh2 Nxe5 31. Nxe5 Qxh4+ 32. Kg1 Qg5+ 33. Kf1 Bxe5 34. f3 Bg7
35. Rd2 Qxc5 36. Rh2 Qg5 37. Qxg6 Qxg6 38. Bxg6 h6 39. Re2 Bf6 40. Re8 Rxe8 41.
Bxe8 d3 42. Ke1 Bxb2 43. Kd2 Kg7 44. Kxd3 Kf6 45. Kc4 Ke7 46. Bg6 Kd6 47. Bf7 c5
48. Be8 Bd4 49. Bf7 Ke7 50. Bh5 Kf6 51. Be8 Kg5 52. Bf7 Kh4 53. Be8 Kg3 54. Bh5
Kf2 55. Bg4 Be3 56. Bh5 Kg3 57. Kd3 Kh4 58. Bf7 Kg5 59. Kc4 h5 60. Be8 Kh6 61.
Kd5 h4 62. Bd7 Kg6 63. Bh3 Kf6 64. Bg4 Ke7 65. Bh3 Kd8 66. Bg4 Kc7 67. Kc4 Kc6
68. Bh3 Bf2 69. Bg4 Kb6 70. Bh3 Ka5 71. Kb3 Be3 72. Bf5 Bd2 73. Be6 Kb5 74. Bd7+
Kb6 75. Bf5 Be3 76. Bg4 Ka5 77. Bf5 Kb5 78. Bd7+ Kb6 79. Bf5 Kc6 80. Kc4 Kd6 1/2-1/2

[Event "16th ch-EUR Indiv w 2015"]
[Site "Chakvi GEO"]
[Date "2015.05.19"]
[Round "1.19"]
[White "Zawadzka, Jolanta"]
[Black "Imnadze, Nato"]
[Result "1-0"]
[WhiteTitle "WGM"]
[BlackTitle "WIM"]
[WhiteElo "2434"]
[BlackElo "2196"]
[WhiteFideId "1122320"]
[BlackFideId "13600974"]
[EventDate "2015.05.19"]

1. e4 e5 2. Nf3 Nc6 3. Bb5 a6 4. Ba4 Nge7 5. O-O g6 6. c3 Bg7 7. d4 exd4 8. cxd4
b5 9. Bc2 O-O 10. Nc3 d6 11. h3 Na5 12. Bf4 Bb7 13. Re1 Nc4 14. Qc1 Qd7 15. b3
Nb6 16. Bh6 f5 17. Bxg7 Kxg7 18. Qe3 b4 19. Ne2 fxe4 20. Bxe4 Nf5 21. Qd3 Bxe4
22. Qxe4 Rfe8 23. Qc2 Nd5 24. Rac1 Re7 25. Qd2 Rae8 26. Nf4 Rxe1+ 27. Rxe1 Rxe1+
28. Nxe1 Nxf4 29. Qxf4 Qe8 30. Nf3 Qc6 31. g4 Nh6 32. Ng5 Qd5 33. Qe3 Nf7 34.
Ne6+ Kg8 35. Nxc7 Qc6 36. Qe7 Ng5 37. Qd8+ Kg7 38. Qxg5 Qxc7 39. d5 a5 40. h4 h6
41. Qe3 Qd8 42. g5 h5 43. Kh2 Qf8 44. Kg2 Qf5 45. Qd4+ Kg8 46. Qc4 Qe5 47. Qd3
Kg7 48. Kf3 Qa1 49. Qc4 Qe5 50. Qe4 Qc3+ 51. Qe3 Qc7 52. Qd4+ Kh7 53. Qf6 Qd7
54. Ke3 Qa7+ 55. Kd3 Qd7 56. Qe6 Qc7 57. Qf6 Qd7 58. Kd2 Qc7 59. f3 Qd7 60. f4
Qa7 61. Kd3 Qc7 62. f5 gxf5 63. Qxf5+ Kg8 64. Qg6+ Kf8 65. Qf6+ Kg8 66. g6 a4
67. bxa4 b3 68. Qf7+ 1-0

[Event "16th ch-EUR Indiv w 2015"]
[Site "Chakvi GEO"]
[Date "2015.05.19"]
[Round "1.20"]
[White "Hairapetian, Anna"]
[Black "Kashlinskaya, Alina"]
[Result "0-1"]
[WhiteTitle "WIM"]
[BlackTitle "IM"]
[WhiteElo "2192"]
[BlackElo "2423"]
[WhiteFideId "13303554"]
[BlackFideId "4198026"]
[EventDate "2015.05.19"]

1. d4 Nf6 2. Nf3 e6 3. e3 c5 4. b3 Be7 5. Bb2 O-O 6. Bd3 b6 7. Nbd2 Bb7 8. O-O
Nc6 9. a3 h6 10. Qe2 Qc7 11. c4 d6 12. Rac1 Rfe8 13. e4 cxd4 14. Nxd4 Nxd4 15.
Bxd4 Nd7 16. Bb1 Bf6 17. Nf3 Rac8 18. Rfd1 b5 19. Qd2 bxc4 20. Rxc4 Qb8 21. Bxf6
Nxf6 22. Rdc1 Nxe4 23. Bxe4 Rxc4 24. Rxc4 d5 25. Bxd5 Bxd5 26. Rb4 Qc7 27. Nd4
Rd8 28. Nb5 Qa5 29. h3 Bxg2 30. Qe3 Ba8 31. Qxa7 Rd1+ 32. Kh2 Rh1+ 33. Kg3 Qd8
34. f3 Qg5+ 35. Rg4 Qe5+ 36. Kf2 Qe1+ 0-1

[Event "16th ch-EUR Indiv w 2015"]
[Site "Chakvi GEO"]
[Date "2015.05.19"]
[Round "1.21"]
[White "Ziaziulkina, Nastassia"]
[Black "Gevorgyan, Maria"]
[Result "0-1"]
[WhiteTitle "IM"]
[BlackTitle "WFM"]
[WhiteElo "2423"]
[BlackElo "2190"]
[WhiteFideId "13505211"]
[BlackFideId "13300270"]
[EventDate "2015.05.19"]

1. e4 c5 2. Nf3 e6 3. d4 cxd4 4. Nxd4 a6 5. Bd3 Nf6 6. O-O e5 7. Bg5 h6 8. Bxf6
Qxf6 9. Nf5 g6 10. Ne3 Bc5 11. Nd5 Qd8 12. b4 Bd4 13. c3 Ba7 14. Nd2 d6 15. Nc4
Nc6 16. Nce3 Be6 17. Bc4 O-O 18. Qe2 Rc8 19. Rad1 Kg7 20. Bb3 Qh4 21. g3 Qh3 22.
Kh1 h5 23. f3 f6 24. Nc4 Rcd8 25. a4 Bb8 26. Nce3 Ba7 27. Bc4 Nb8 28. Rd2 Rc8
29. Ng2 f5 30. exf5 Rxf5 31. Re1 Rcf8 32. Ngf4 Bxd5 33. Rxd5 exf4 34. Rxd6 fxg3
35. Rd7+ Nxd7 0-1

[Event "16th ch-EUR Indiv w 2015"]
[Site "Chakvi GEO"]
[Date "2015.05.19"]
[Round "1.22"]
[White "Kasoshvili, Tsiala"]
[Black "Savina, Anastasia"]
[Result "0-1"]
[WhiteTitle "WIM"]
[BlackTitle "IM"]
[WhiteElo "2179"]
[BlackElo "2417"]
[WhiteFideId "13600354"]
[BlackFideId "4196872"]
[EventDate "2015.05.19"]

1. d4 g6 2. Nf3 Bg7 3. c4 c5 4. Nc3 d6 5. g3 cxd4 6. Nxd4 Nc6 7. Nb3 Be6 8. Nd5
Ne5 9. Nd2 Nf6 10. Bg2 Nxd5 11. cxd5 Bf5 12. O-O O-O 13. Nb3 Qd7 14. Re1 Rac8
15. Nd4 Bh3 16. Bh1 Rc4 17. e3 Rfc8 18. Qb3 Ng4 19. Ne2 g5 20. e4 h6 21. Bd2 Qc7
22. Rac1 Qc5 23. Be3 Nxe3 24. fxe3 Rxc1 25. Nxc1 Qxc1 26. Rxc1 Rxc1+ 27. Kf2
Rxh1 28. Qxb7 Rxh2+ 29. Ke1 Rxb2 30. Qxe7 Be5 31. Qxa7 Bg4 32. Qa8+ Kg7 33. Qa3
Bxg3+ 0-1

[Event "16th ch-EUR Indiv w 2015"]
[Site "Chakvi GEO"]
[Date "2015.05.19"]
[Round "1.23"]
[White "Szczepkowska-Horowska, Karina"]
[Black "Topel, Zehra"]
[Result "0-1"]
[WhiteTitle "WGM"]
[BlackTitle "WIM"]
[WhiteElo "2412"]
[BlackElo "2179"]
[WhiteFideId "1122681"]
[BlackFideId "6302661"]
[EventDate "2015.05.19"]

1. d4 d5 2. c4 dxc4 3. Nf3 a6 4. e3 b5 5. a4 Bb7 6. b3 e6 7. bxc4 bxc4 8. Bxc4
Nd7 9. a5 Ngf6 10. O-O c5 11. Nbd2 cxd4 12. exd4 Be7 13. Qe2 O-O 14. Bd3 Nd5 15.
Nc4 N7f6 16. Bd2 Nb4 17. Bxb4 Bxb4 18. Rab1 Bxf3 19. Qxf3 Bxa5 20. Ne5 Bc7 21.
Rfd1 Qd6 22. Rbc1 a5 23. Qh3 g6 24. Qf3 Qxd4 25. Nxf7 Qf4 26. Qxf4 Bxf4 27. Rc4
Bxh2+ 28. Kxh2 Rxf7 29. Re1 Re7 30. Ra4 Nd5 31. Re5 Kf7 32. Be4 Rd7 33. Bf3 Kf6
34. Re1 Ra6 35. Rea1 Rda7 36. Kg3 g5 37. Be2 Nc3 38. Bxa6 Nxa4 39. Bb5 Nc3 40.
Bd3 h5 41. Ra3 Nd5 42. Bc4 Ke5 43. Kf3 Kd4 44. Ba2 a4 45. Bb1 Kc4 46. Bg6 Kb4
47. Ra1 a3 48. Rb1+ Kc4 49. Bxh5 a2 50. Ra1 Kb3 0-1

[Event "16th ch-EUR Indiv w 2015"]
[Site "Chakvi GEO"]
[Date "2015.05.19"]
[Round "1.24"]
[White "Hojjatova, Aydan"]
[Black "Arabidze, Meri"]
[Result "1/2-1/2"]
[WhiteTitle "WFM"]
[BlackTitle "IM"]
[WhiteElo "2168"]
[BlackElo "2403"]
[WhiteFideId "13401491"]
[BlackFideId "13604040"]
[EventDate "2015.05.19"]

1. e4 c5 2. Nc3 Nc6 3. f4 e6 4. Nf3 Nge7 5. g3 d5 6. e5 Nf5 7. d3 Be7 8. Bg2 O-O
9. O-O b6 10. a4 Bb7 11. g4 Nfd4 12. Ne2 Nxf3+ 13. Bxf3 f6 14. exf6 Bxf6 15. c3
g6 16. Ng3 Bg7 17. Qe2 Qd6 18. Bd2 Rae8 19. Rae1 Qd7 20. Qg2 Na5 21. f5 e5 22.
h4 c4 23. d4 exd4 24. Rxe8 Rxe8 25. h5 dxc3 26. bxc3 Nb3 27. Bf4 Bxc3 28. hxg6
hxg6 29. fxg6 Nd4 30. Bh6 Qe6 31. Nf5 Nxf5 32. gxf5 Qxf5 33. g7 Bd4+ 34. Kh1 Re6
35. Qh2 Rxh6 36. Qxh6 Bxg7 37. Qh4 Qf6 38. Qg4 d4 39. Kg2 Bxf3+ 40. Rxf3 Qc6 41.
Qf5 c3 42. Qf7+ Kh8 43. Kf2 Qh6 44. Qe8+ Kh7 45. Qe4+ Kh8 46. Qe8+ Kh7 47. Qe4+
Kh8 48. Qe8+ Kh7 49. Qe4+ 1/2-1/2